LEADER 00554nas a2200157 i 4500 001 000000133359 003 CaOOAMICUS 005 20050104000000.0 008 050104b it uu u0 0ita r 013 $a106378 040 $aSeMil$bita 245 10$aTitolo mancante. 773 0 $tSacra congregazione per l'evangelizzazione dei popoli.$dRoma : Urbaniana University Press, 1979-1981.$w()1861 850 $aSeMil 852 $aSeMil$W1$xVenegono$y1$m249 4 20-22$j87205$B87205$CSeMilBibl$Z2$F90945 $82 996 $6245$aTitolo mancante$9(OLS)http://semarc/title/46445 LEADER 01010nam a2200241 4500 001 000000331164 003 CaOOAMICUS 005 20181113135321.0 008 181113s2017 it aaaa cccc 000 u ita r 040 $aSeMil$bita 100 1 $aGagliardi, Nicola.$0(OLS)http://semarc/name/108480 245 10$aScolpire il cielo :$bNicola Gagliardi scultore per il Duomo di Milano. 264 1$aMilano :$bEdizioni ET,$c2017. 300 $a243 p. :$bill. ;$c30 cm 500 $aCopia autografa 600 14$aGagliardi, Nicola.$0(OLS)http://semarc/subject/47851 650 4$aMilano - Duomo - Sculture.$0(OLS)http://semarc/subject/47852 850 $aSeMil 852 $aSeMil$W1$xVenegono$y1$m3O VI 270$j210153$B223534$CSeMilBibl$Z2$F223534 $81 961 $aLascito don Giuseppe Prina 996 $6245$aScolpire il cielo :$bNicola Gagliardi scultore per il Duomo di Milano$9(OLS)http://semarc/title/419835 996 $6264$aMilano :$bEdizioni ET$9(OLS)http://semarc/publisher/36412